00436nam a2200109Ia 4500008004100000020001800041100005100059245012700110260002700237650001300264856004900277171212s9999 xx 000 0 und d a9780833092830 aZimmerman, S. Rebecca;Egel, Daniel;Blum, Ilana cZimmerman, S. Rebecca;Egel, Daniel;Blum, IlanaaTask Force for Business and Stability OperationsbLessons from Afghanistan bRAND Corporationc2016 aBusiness uhttp://jstor.org/stable/10.7249/j.ctt19w737n